| Tag |
First Indicator |
Second Indicator |
Subfields |
| LEADER |
00000cam a2200000 4500 |
| 001 |
in00000051467 |
| 005 |
20151007071949.0 |
| 008 |
800604s1912 gw f b 00010 ger c |
| 010 |
|
|
|a agr12000350
|
| 035 |
|
|
|a (OCoLC)06388207
|
| 035 |
|
|
|9 AAE6969AM
|
| 040 |
|
|
|a Library, U.S. Dept of Agriculture
|c TXA
|d UtOrBLW
|
| 049 |
|
|
|a TXAM
|c [79003]
|
| 090 |
|
|
|a QL841
|b .B32
|
| 092 |
|
|
|a 591.74
|b B347y
|
| 100 |
1 |
|
|a Baum, Hermann,
|d 1864-1932.
|
| 245 |
1 |
4 |
|a Das lymphgefasssystem des rindes /
|c Von obermedizinalrat dr. Hermann Baum ...
|
| 264 |
|
1 |
|a Berlin :
|b A. Hirschwald,
|c 1912.
|
| 300 |
|
|
|a xii, 170 pages :
|b XXXII color plate ;
|c 33 cm.
|
| 336 |
|
|
|a text
|b txt
|2 rdacontent
|
| 337 |
|
|
|a unmediated
|b n
|2 rdamedia
|
| 338 |
|
|
|a volume
|b nc
|2 rdacarrier
|
| 504 |
|
|
|a "Literaturverzeichnis": pages [166]-167.
|
| 650 |
|
0 |
|a Cattle.
|
| 650 |
|
0 |
|a Lymphatics.
|
| 999 |
|
|
|a MARS
|
| 999 |
f |
f |
|s ca3308fe-5067-319c-a94a-a7d6653cb5e1
|i b312a555-b950-3c19-8aff-0976a4c4061e
|t 0
|
| 952 |
f |
f |
|p ric
|a Texas A&M University
|b Rellis Campus
|c Joint Library Facility
|d Remote Storage
|t 0
|e QL841 .B32
|h Library of Congress classification
|i unmediated -- volume
|m A14801008765
|
| 998 |
f |
f |
|a QL841 .B32
|t 0
|l Remote Storage
|